1823 1615 1008 1939 1410 1861 1563 1505 1590 1033 1704 1559 1665 1682 1384 1897 1277 1972 1737 1584 1304 1374 1852 1052 1096 1544 1096 1242 1340 1981 1353 1931 1388 1916 1812 1271 1944 1984 1525 1237 1121 1421 1885 1980 1587 1949 1838 1571 1782 1351 1986 1710 1268 1725 1728 1414 1744 1067 1499 1853 1008 1027 1681 1072 1084 1055 1045 2000 1457 1107 1687 1034 1357 1058 1150 1943 1712 1005 1567 1855 1501 1722 1674 1861 1445 1316 1490 1562 1453 1703 1531 1763 1615 1636 1846 1834 1400 1893 1276 BCNSPRNW ULIB Ver.6.0+V

เปลี่ยนเป็นภาษาไทย

Change to English
 แสดงรายละเอียดบรรณานุกรม
  กลับหน้าหลัก

Brief Record : Get Marc (ISO 2709) : E-mail record : QR code < ปิดหน้าต่าง
LEADER : 00000nam 2200000uu 4500
001    13399121338
003     ULIB
008    121115s2550||||th 000 0 tha d
020    ^a9748821412
020    ^a9789748821412
050  4 ^aT385^bอ875ท
100 0  ^aเอกเทพ ภักดีศิริมงคล
245 10 ^aคู่มือทางลัดถ่ายภาพสวย กล้องดิจิตอล/^cเอกเทพ ภักดีศิริมงคล
250    ^aพิมพ์ครั้งที่ 1
260    ^aกรุงเทพฯ :^bสวัสดี ไอที,^c2550
300    ^a239 หน้า :^bภาพประกอบ
650  7 ^aการถ่ายภาพ
650  7 ^aการประมวลผลภาพ^xเทคนิคดิจิตอล
650  7 ^aกล้องถ่ายรูปดิจิตอล
945    ^p129^l0^i16138
995    ^aวิภา
999 ^a ทศพร
รายการนี้ยังไม่มีแท็ก
คุณยังไม่ได้ล็อกอิน คุณสามารถมีกิจกรรมร่วมกับเว็บไซต์ได้ แต่ต้องล็อกอินก่อน ::
  ล็อกอิน

รายการสื่อสารสนเทศ

ลำดับที่ ประเภท เลขเรียก/บาร์โค้ด สถานที่ สถานะ
1. วิทยาศาสตร์การแพทย์ และสุขภาพ
วิทยาศาสตร์การแพทย์ และสุขภาพ
T385 อ875ท  
  Barcode: 16138
ห้องสมุดวิทยาเขตสวรรค์ประชารักษ์
►หนังสือทั่วไป
บนชั้น

รายการใกล้เคียง
    ผู้แต่ง [เอกเทพ ภักดีศิริมงคล]

    หัวเรื่อง [การถ่ายภาพ]
    หัวเรื่อง [กล้องถ่ายรูปดิจิตอล]

BibComment


ยังไม่เคยถูกคอมเมนท์

คอมเมนท์ทรัพยากรรายการนี้
  คอมเมนท์: คู่มือทางลัดถ่าย..


 Copyright 2026. Bcnsprnw @Library